Sixteenth SAARC Summit : (Record no. 2257)
[ view plain ]
| 000 -LEADER | |
|---|---|
| fixed length control field | 00751cam a2200229 4500 |
| 001 - CONTROL NUMBER | |
| control field | 2817 |
| 005 - DATE AND TIME OF LATEST TRANSACTION | |
| control field | 20181127165842.0 |
| 008 - FIXED-LENGTH DATA ELEMENTS--GENERAL INFORMATION | |
| fixed length control field | 111122s2011 bt a 000 0 eng |
| 010 ## - LIBRARY OF CONGRESS CONTROL NUMBER | |
| LC control number | 2011351054 |
| 020 ## - INTERNATIONAL STANDARD BOOK NUMBER | |
| International Standard Book Number | 9789993686408 |
| 043 ## - GEOGRAPHIC AREA CODE | |
| Geographic area code | az----- |
| 111 2# - MAIN ENTRY--MEETING NAME | |
| Meeting name or jurisdiction name as entry element | SAARC Summit |
| Number of part/section/meeting | (16th : |
| Date of meeting | 2010 : |
| Location of meeting | Thimphu, Bhutan) |
| 245 10 - TITLE STATEMENT | |
| Title | Sixteenth SAARC Summit : |
| Remainder of title | 2010 Bhutan |
| 246 17 - VARYING FORM OF TITLE | |
| Title proper/short title | Bhutan Sixteenth SAARC Summit, 2010 |
| Title proper/short title | 16th SAARC Summit |
| Title proper/short title | SAARC Summit |
| 260 ## - PUBLICATION, DISTRIBUTION, ETC. | |
| Place of publication, distribution, etc. | Thimphu : |
| Name of publisher, distributor, etc. | Research & Analysis House, |
| Date of publication, distribution, etc. | 2011. |
| 300 ## - PHYSICAL DESCRIPTION | |
| Extent | 137 p. : |
| Other physical details | col. ill. ; |
| Dimensions | 29 cm. |
| 610 20 - SUBJECT ADDED ENTRY--CORPORATE NAME | |
| Corporate name or jurisdiction name as entry element | South Asian Association for Regional Cooperation |
| Form subdivision | Congresses. |
| 651 #0 - SUBJECT ADDED ENTRY--GEOGRAPHIC NAME | |
| Geographic name | South Asia |
| Form subdivision | Congresses. |
| 710 2# - ADDED ENTRY--CORPORATE NAME | |
| Corporate name or jurisdiction name as entry element | Research & Analysis House (Thimphu, Bhutan) |
| Withdrawn status | Lost status | Source of classification or shelving scheme | Damaged status | Not for loan | Collection code | Home library | Current library | Shelving location | Date acquired | Serial Enumeration / chronology | Inventory number | Total Checkouts | Full call number | Barcode | Date last seen | Price effective from | Koha item type |
|---|---|---|---|---|---|---|---|---|---|---|---|---|---|---|---|---|---|
| Dewey Decimal Classification | Reference | RTC Library | RTC Library | Reference | 20/09/2023 | 5082 | 382.9 SIX | 30002705 | 20/09/2023 | 27/11/2018 | Reference |